Proverbs for Easy Understanding/ (Record no. 209669)

MARC details
000 -LEADER
fixed length control field 00504nam a22001817a 4500
005 - DATE AND TIME OF LATEST TRANSACTION
control field 20251126154024.0
010 ## - LCCN (DPL NO)
LC control number ENG-147201
020 ## - INTERNATIONAL STANDARD BOOK NUMBER
International Standard Book Number 9789389277944
Terms of availability 495.00
035 ## - SYSTEM CONTROL NUMBER
System control number EN-130733
037 ## - SOURCE OF ACQUISITION
Source of stock number/acquisition DBAD
082 ## - DEWEY DECIMAL CLASSIFICATION NUMBER
Classification number 151
100 ## - MAIN ENTRY--PERSONAL NAME
Personal name Dubey, C.M
245 ## - TITLE STATEMENT
Title Proverbs for Easy Understanding/
Statement of responsibility, etc by C.M. Dubey
260 ## - PUBLICATION, DISTRIBUTION, ETC. (IMPRINT)
Place of publication, distribution, etc Delhi
Name of publisher, distributor, etc Vikram Prakashan
270 ## - ADDRESS
Address E-11/5 , Krishna Nagar
City Delhi
Postal code 110051
300 ## - PHYSICAL DESCRIPTION
Extent 112p.
Dimensions 21cm(pb)
942 ## - ADDED ENTRY ELEMENTS (KOHA)
Source of classification or shelving scheme Dewey Decimal Classification
Item type English Books
Classification part 151
Call number suffix DUB
Holdings
Withdrawn status Lost status Not for loan Collection code Home library Current library Date acquired Source of acquisition Cost, normal purchase price Full call number Barcode Copy number Cost, replacement price Koha item type
      Non-fiction Sarojini Nagar Sarojini Nagar 26/11/2025 Delivery of Books Act Division 495.00 151 DUB EN-130733 1 495.00 English Books

© Delhi Public Library
Hit Counter
free hit counter